[Event "5th European Small Nations"]
[Site "Andorra la Vella"]
[Date "2017.11.17"]
[Round "8.11"]
[White "Nielsen, Rogvi Egilstoft"]
[Black "Michaelides, Konstantinos"]
[Result "1/2-1/2"]
[BlackElo "2041"]
[WhiteElo "2340"]
[LiveChessVersion "1.4.8"]

1. e4 {[%clk 1:30:56]} e6 {[%clk 1:30:51]} 2. d4 {[%clk 1:31:08]} d5
{[%clk 1:31:13]} 3. Nd2 {[%clk 1:31:26]} Nf6 {[%clk 1:31:27]} 4. e5
{[%clk 1:31:37]} Nfd7 {[%clk 1:31:49]} 5. Bd3 {[%clk 1:31:52]} c5
{[%clk 1:32:05]} 6. c3 {[%clk 1:32:09]} Nc6 {[%clk 1:32:30]} 7. Ne2
{[%clk 1:32:25]} cxd4 {[%clk 1:32:51]} 8. cxd4 {[%clk 1:32:48]} f6
{[%clk 1:33:11]} 9. exf6 {[%clk 1:31:42]} Nxf6 {[%clk 1:33:34]} 10. O-O
{[%clk 1:31:49]} Bd6 {[%clk 1:33:58]} 11. Nf3 {[%clk 1:31:04]} Qc7
{[%clk 1:34:22]} 12. h3 {[%clk 1:29:23]} O-O {[%clk 1:33:51]} 13. Be3
{[%clk 1:29:12]} g6 {[%clk 1:26:23]} 14. Rc1 {[%clk 1:20:14]} Nh5
{[%clk 1:24:20]} 15. Re1 {[%clk 1:09:58]} a6 {[%clk 1:09:41]} 16. a3
{[%clk 1:02:01]} Nf4 {[%clk 1:01:59]} 17. Nxf4 {[%clk 0:58:53]} Bxf4
{[%clk 1:02:23]} 18. Ne5 {[%clk 0:52:22]} Qb6 {[%clk 0:50:43]} 19. Nxc6
{[%clk 0:21:04]} bxc6 {[%clk 0:48:46]} 20. Qc2 {[%clk 0:20:35]} Bxe3
{[%clk 0:38:02]} 21. Rxe3 {[%clk 0:17:00]} Qxd4 {[%clk 0:36:36]} 22. Rd1
{[%clk 0:09:04]} Qg7 {[%clk 0:31:20]} 23. Rg3 {[%clk 0:08:43]} Rf6
{[%clk 0:26:08]} 24. Qxc6 {[%clk 0:08:38]} Bb7 {[%clk 0:23:03]} 25. Qd6
{[%clk 0:08:32]} Qf8 {[%clk 0:16:34]} 26. Qxf8+ {[%clk 0:07:27]} Kxf8
{[%clk 0:14:58]} 27. Rc1 {[%clk 0:04:46]} Rc8 {[%clk 0:14:06]} 28. Rxc8+
{[%clk 0:05:08]} Bxc8 {[%clk 0:14:35]} 29. Be2 {[%clk 0:05:09]} Ke8
{[%clk 0:09:32]} 30. h4 {[%clk 0:05:27]} Kd7 {[%clk 0:08:11]} 31. h5
{[%clk 0:05:16]} e5 {[%clk 0:05:18]} 32. Rc3 {[%clk 0:02:40]} Bb7
{[%clk 0:04:29]} 33. Rb3 {[%clk 0:01:39]} Kc7 {[%clk 0:04:25]} 34. Rh3
{[%clk 0:01:16]} Bc8 {[%clk 0:02:31]} 35. Re3 {[%clk 0:01:14]} e4
{[%clk 0:01:39]} 36. f3 {[%clk 0:01:12]} exf3 {[%clk 0:00:48]} 37. Bxf3
{[%clk 0:01:39]} Kd6 {[%clk 0:00:47]} 38. Re8 {[%clk 0:01:33]} Bd7
{[%clk 0:00:41]} 39. Ra8 {[%clk 0:01:06]} Kc5 {[%clk 0:00:32]} 40. Ra7
{[%clk 0:30:55]} Bf5 {[%clk 0:30:32]} 41. Rxh7 {[%clk 0:27:30]} gxh5
{[%clk 0:28:38]} 42. Rxh5 {[%clk 0:26:54]} Kd4 {[%clk 0:26:38]} 43. Kf2
{[%clk 0:17:55]} Kd3 {[%clk 0:25:17]} 44. Rh8 {[%clk 0:15:14]} Be4
{[%clk 0:23:04]} 45. Rc8 {[%clk 0:09:12]} Bxf3 {[%clk 0:22:36]} 46. gxf3
{[%clk 0:09:40]} d4 {[%clk 0:18:56]} 47. b4 {[%clk 0:09:53]} Kd2 {[%clk 0:16:38]}
48. a4 {[%clk 0:09:06]} Rb6 {[%clk 0:03:12]} 49. Rc4 {[%clk 0:08:36]} d3
{[%clk 0:02:04]} 50. a5 {[%clk 0:07:29]} Re6 {[%clk 0:02:09]} 51. Rc5
{[%clk 0:04:11]} Kd1 {[%clk 0:01:38]} 52. b5 {[%clk 0:03:06]} axb5
{[%clk 0:01:45]} 53. Rxb5 d2 {[%clk 0:02:00]} 54. Rc5 {[%clk 0:02:46]} Re2+
{[%clk 0:02:17]} 55. Kf1 {[%clk 0:02:56]} Re1+ {[%clk 0:02:42]} 56. Kf2
{[%clk 0:03:21]} Re2+ {[%clk 0:03:03]} 1/2-1/2

[Event "5th European Small Nations"]
[Site "Andorra la Vella"]
[Date "2017.11.17"]
[Round "8.12"]
[White "Klerides, Paris"]
[Black "Rodgaard, John"]
[Result "0-1"]
[BlackElo "2332"]
[WhiteElo "2189"]
[LiveChessVersion "1.4.8"]

1. e4 {[%clk 1:30:51]} e6 {[%clk 1:30:41]} 2. d4 {[%clk 1:31:16]} d5
{[%clk 1:31:06]} 3. Nc3 {[%clk 1:31:39]} Bb4 {[%clk 1:31:21]} 4. e5
{[%clk 1:31:49]} Ne7 {[%clk 1:31:23]} 5. a3 {[%clk 1:31:24]} Bxc3+
{[%clk 1:31:46]} 6. bxc3 {[%clk 1:31:52]} c5 {[%clk 1:32:01]} 7. Qg4
{[%clk 1:32:14]} O-O {[%clk 1:31:57]} 8. Bd3 {[%clk 1:31:43]} f5 {[%clk 1:31:54]}
9. exf6 {[%clk 1:31:37]} Rxf6 {[%clk 1:32:11]} 10. Bg5 {[%clk 1:31:41]} Rf7
{[%clk 1:32:28]} 11. Qh5 {[%clk 1:31:46]} g6 {[%clk 1:32:21]} 12. Qd1
{[%clk 1:32:05]} Qa5 {[%clk 1:32:17]} 13. Nf3 {[%clk 1:32:13]} Nd7
{[%clk 0:56:03]} 14. Qd2 {[%clk 1:31:44]} Nc6 {[%clk 0:48:57]} 15. h4
{[%clk 1:27:48]} e5 {[%clk 0:37:34]} 16. h5 {[%clk 0:57:43]} e4 {[%clk 0:28:00]}
17. hxg6 {[%clk 0:58:05]} hxg6 {[%clk 0:28:08]} 18. Ne5 {[%clk 0:49:08]} Ndxe5
{[%clk 0:26:14]} 19. dxe5 {[%clk 0:49:33]} Nxe5 {[%clk 0:17:57]} 20. Bxe4
{[%clk 0:43:05]} dxe4 {[%clk 0:15:20]} 21. Bd8 {[%clk 0:42:42]} Nd3+
{[%clk 0:12:19]} 22. Qxd3 {[%clk 0:34:56]} exd3 {[%clk 0:12:29]} 23. Bxa5
{[%clk 0:35:21]} b6 {[%clk 0:11:56]} 24. cxd3 {[%clk 0:35:37]} bxa5
{[%clk 0:12:22]} 25. Rh4 {[%clk 0:32:21]} Ba6 {[%clk 0:10:47]} 26. c4
{[%clk 0:25:29]} Rb8 {[%clk 0:08:27]} 27. Rg4 {[%clk 0:23:34]} Kg7
{[%clk 0:08:32]} 28. Rg5 {[%clk 0:23:59]} Rb2 {[%clk 0:06:36]} 29. Rxc5
{[%clk 0:20:38]} Rbxf2 {[%clk 0:06:06]} 30. O-O-O {[%clk 0:20:41]} Rxg2
{[%clk 0:05:46]} 31. Rxa5 {[%clk 0:21:02]} Bc8 {[%clk 0:05:46]} 32. d4
{[%clk 0:20:11]} Bf5 {[%clk 0:05:47]} 33. Rd2 {[%clk 0:20:22]} Rg1+
{[%clk 0:05:34]} 34. Rd1 {[%clk 0:20:29]} Rg3 {[%clk 0:05:45]} 35. c5
{[%clk 0:18:47]} Rb7 {[%clk 0:05:23]} 36. Re1 {[%clk 0:17:17]} Rg2
{[%clk 0:05:31]} 0-1

[Event "5th European Small Nations"]
[Site "Andorra la Vella"]
[Date "2017.11.18"]
[Round "9.1"]
[White "Antoniou, Antonis"]
[Black "Zerafa, Robert"]
[Result "1/2-1/2"]
[BlackElo "2101"]
[WhiteElo "2164"]
[LiveChessVersion "1.4.8"]

1. e4 {[%clk 1:30:58]} d6 {[%clk 1:28:52]} 2. d4 {[%clk 1:31:24]} Nf6
{[%clk 1:29:19]} 3. Nc3 {[%clk 1:31:50]} g6 {[%clk 1:28:48]} 4. Be3
{[%clk 1:31:11]} Bg7 {[%clk 1:27:00]} 5. Qd2 {[%clk 1:30:52]} h6 {[%clk 1:20:33]}
6. O-O-O {[%clk 1:23:53]} Nbd7 {[%clk 1:08:05]} 7. h3 {[%clk 1:16:22]} Nb6
{[%clk 1:00:07]} 8. f4 {[%clk 1:04:20]} c6 {[%clk 0:43:45]} 9. g4
{[%clk 0:55:03]} d5 {[%clk 0:43:47]} 10. e5 {[%clk 0:55:23]} Ng8 {[%clk 0:44:06]}
11. Qf2 {[%clk 0:46:24]} e6 {[%clk 0:39:14]} 12. Nf3 {[%clk 0:45:53]} Nc4
{[%clk 0:38:48]} 13. Bxc4 {[%clk 0:26:24]} dxc4 {[%clk 0:39:16]} 14. Nd2
{[%clk 0:25:57]} b5 {[%clk 0:39:28]} 15. Qf3 {[%clk 0:21:34]} Bd7
{[%clk 0:39:30]} 16. f5 {[%clk 0:16:03]} exf5 {[%clk 0:27:24]} 17. gxf5
{[%clk 0:15:08]} Bxf5 {[%clk 0:27:52]} 18. Qxc6+ {[%clk 0:14:16]} Bd7
{[%clk 0:28:19]} 19. Qf3 {[%clk 0:12:54]} Ne7 {[%clk 0:27:26]} 20. Nde4
{[%clk 0:09:39]} O-O {[%clk 0:27:13]} 21. Nd6 {[%clk 0:05:39]} Rb8
{[%clk 0:17:54]} 22. Nce4 {[%clk 0:03:48]} Nd5 {[%clk 0:16:53]} 23. Rdf1
{[%clk 0:03:39]} Qa5 {[%clk 0:12:57]} 24. Nf6+ {[%clk 0:01:44]} Bxf6
{[%clk 0:12:15]} 25. Qxd5 {[%clk 0:02:08]} Be6 {[%clk 0:11:45]} 26. Qc5
{[%clk 0:02:12]} Bg7 {[%clk 0:10:39]} 27. a3 {[%clk 0:02:34]} Qb6
{[%clk 0:08:34]} 28. Qxb6 {[%clk 0:02:58]} Rxb6 {[%clk 0:08:20]} 29. h4
{[%clk 0:03:06]} Bd5 {[%clk 0:08:48]} 30. Rhg1 {[%clk 0:03:25]} h5
{[%clk 0:08:11]} 31. Bg5 {[%clk 0:01:46]} Ra8 {[%clk 0:07:12]} 32. Rf4
{[%clk 0:01:03]} c3 {[%clk 0:01:56]} 33. Rgf1 {[%clk 0:00:42]} cxb2+
{[%clk 0:02:24]} 34. Kxb2 {[%clk 0:01:09]} b4 {[%clk 0:02:32]} 35. axb4 Rxb4+
{[%clk 0:02:49]} 36. Kc3 {[%clk 0:01:07]} Ra4 {[%clk 0:03:00]} 37. Kd2
{[%clk 0:00:35]} Rb8 {[%clk 0:03:02]} 38. Nxf7 {[%clk 0:00:37]} Bxf7
{[%clk 0:00:52]} 39. Rxf7 {[%clk 0:01:06]} Rxd4+ {[%clk 0:01:02]} 40. Ke3
{[%clk 0:31:12]} Bxe5 {[%clk 0:30:45]} 41. Re7 {[%clk 0:28:53]} Bh8
{[%clk 0:28:04]} 42. Bf6 {[%clk 0:28:40]} Bxf6 {[%clk 0:21:35]} 43. Ke4 1/2-1/2

[Event "5th European Small Nations"]
[Site "Andorra la Vella"]
[Date "2017.11.18"]
[Round "9.2"]
[White "Darmanin, Jake"]
[Black "Constantinou, Pavlos"]
[Result "0-1"]
[BlackElo "2057"]
[WhiteElo "2058"]
[LiveChessVersion "1.4.8"]

1. e4 {[%clk 1:29:51]} c5 {[%clk 1:30:43]} 2. c3 {[%clk 1:30:15]} g6
{[%clk 1:31:07]} 3. Nf3 {[%clk 1:29:58]} Bg7 {[%clk 1:31:32]} 4. d4
{[%clk 1:30:17]} cxd4 {[%clk 1:31:58]} 5. cxd4 {[%clk 1:30:41]} d5
{[%clk 1:32:24]} 6. e5 {[%clk 1:30:51]} Bg4 {[%clk 1:32:45]} 7. Bb5+
{[%clk 1:30:46]} Nc6 {[%clk 1:32:14]} 8. h3 {[%clk 1:29:14]} Bxf3
{[%clk 1:32:23]} 9. Bxc6+ {[%clk 1:28:09]} bxc6 {[%clk 1:32:45]} 10. Qxf3
{[%clk 1:28:28]} Nh6 {[%clk 1:32:35]} 11. O-O {[%clk 1:26:44]} O-O
{[%clk 1:32:53]} 12. Nc3 {[%clk 1:24:08]} Nf5 {[%clk 1:32:32]} 13. Qd3
{[%clk 1:21:57]} e6 {[%clk 1:26:48]} 14. Na4 {[%clk 1:12:02]} f6 {[%clk 1:19:58]}
15. Nc5 {[%clk 1:03:51]} Qe7 {[%clk 1:17:23]} 16. exf6 {[%clk 0:53:44]} Bxf6
{[%clk 1:17:00]} 17. Nb3 {[%clk 0:47:37]} e5 {[%clk 1:10:36]} 18. dxe5
{[%clk 0:46:13]} Bxe5 {[%clk 1:11:04]} 19. f4 {[%clk 0:36:07]} Bc7
{[%clk 1:09:44]} 20. Bd2 {[%clk 0:34:43]} Bb6+ {[%clk 1:09:22]} 21. Kh2
{[%clk 0:33:56]} Rae8 {[%clk 1:04:10]} 22. Rac1 {[%clk 0:31:46]} Qe2
{[%clk 1:00:14]} 23. Qxe2 {[%clk 0:25:07]} Rxe2 {[%clk 1:00:42]} 24. Rfe1
{[%clk 0:21:25]} Rfe8 {[%clk 1:00:47]} 25. Rxe2 {[%clk 0:17:53]} Rxe2
{[%clk 1:01:11]} 26. Rxc6 {[%clk 0:12:03]} Nh4 {[%clk 1:01:20]} 27. Rc8+
{[%clk 0:12:19]} Kf7 {[%clk 1:01:15]} 28. Rc3 {[%clk 0:08:15]} Rxg2+
{[%clk 0:55:55]} 29. Kh1 {[%clk 0:08:45]} Rf2 {[%clk 0:55:53]} 30. Be3
{[%clk 0:06:58]} Bxe3 {[%clk 0:55:17]} 31. Rxe3 {[%clk 0:07:27]} Nf3
{[%clk 0:55:39]} 32. Rxf3 {[%clk 0:05:37]} Rxf3 {[%clk 0:56:07]} 33. Kg2
{[%clk 0:05:45]} Rxf4 {[%clk 0:56:11]} 0-1

[Event "5th European Small Nations"]
[Site "Andorra la Vella"]
[Date "2017.11.18"]
[Round "9.3"]
[White "Michaelides, Konstantinos"]
[Black "Vella, Duncan"]
[Result "1-0"]
[BlackElo "1989"]
[WhiteElo "2041"]
[LiveChessVersion "1.4.8"]

1. e4 {[%clk 1:30:40]} c5 {[%clk 1:30:49]} 2. Nf3 {[%clk 1:30:47]} g6
{[%clk 1:31:11]} 3. d4 {[%clk 1:29:15]} cxd4 {[%clk 1:31:27]} 4. Nxd4
{[%clk 1:29:18]} Bg7 {[%clk 1:31:32]} 5. Nc3 {[%clk 1:29:21]} Nc6
{[%clk 1:30:42]} 6. Be3 {[%clk 1:29:42]} Nf6 {[%clk 1:28:39]} 7. Bc4
{[%clk 1:29:18]} Qa5 {[%clk 1:26:22]} 8. O-O {[%clk 1:16:49]} O-O
{[%clk 1:26:22]} 9. Nb3 {[%clk 1:12:54]} Qc7 {[%clk 1:11:28]} 10. Be2
{[%clk 1:11:44]} d6 {[%clk 1:02:53]} 11. f4 {[%clk 1:07:35]} Na5 {[%clk 0:55:16]}
12. e5 {[%clk 0:39:48]} Nxb3 {[%clk 0:36:23]} 13. exf6 {[%clk 0:38:29]} Nxa1
{[%clk 0:35:56]} 14. fxg7 {[%clk 0:34:55]} Kxg7 {[%clk 0:36:09]} 15. Qxa1
{[%clk 0:34:50]} Be6 {[%clk 0:30:55]} 16. Qd1 {[%clk 0:31:16]} a6
{[%clk 0:28:31]} 17. Bd4+ {[%clk 0:21:13]} f6 {[%clk 0:28:07]} 18. Bd3
{[%clk 0:18:01]} Bf7 {[%clk 0:23:07]} 19. f5 {[%clk 0:17:32]} g5 {[%clk 0:22:44]}
20. Qg4 {[%clk 0:13:43]} h6 {[%clk 0:21:46]} 21. h4 {[%clk 0:13:03]} Rg8
{[%clk 0:16:51]} 22. hxg5 {[%clk 0:10:30]} hxg5 {[%clk 0:15:43]} 23. Qxg5+
{[%clk 0:07:55]} Kf8 {[%clk 0:15:46]} 24. Qh6+ {[%clk 0:08:19]} Ke8
{[%clk 0:15:00]} 25. Re1 {[%clk 0:06:44]} Kd7 {[%clk 0:14:04]} 26. Qh7
{[%clk 0:03:09]} Qc6 {[%clk 0:09:56]} 27. Be4 {[%clk 0:01:39]} Qc4
{[%clk 0:10:15]} 28. Bf2 {[%clk 0:00:42]} Rae8 {[%clk 0:09:10]} 29. b3
{[%clk 0:00:39]} Qxc3 {[%clk 0:08:01]} 30. Qxf7 {[%clk 0:01:07]} Kc7
{[%clk 0:05:04]} 31. Bd3 {[%clk 0:00:57]} Kb8 {[%clk 0:04:36]} 32. Rxe7
{[%clk 0:00:47]} Qa1+ {[%clk 0:04:58]} 33. Kh2 {[%clk 0:00:59]} Rh8+
{[%clk 0:05:06]} 34. Kg3 {[%clk 0:01:28]} Reg8+ {[%clk 0:05:03]} 35. Kf3
{[%clk 0:01:46]} Rh3+ {[%clk 0:03:09]} 36. gxh3 {[%clk 0:01:59]} Qh1+
{[%clk 0:03:31]} 37. Ke4 1-0

[Event "5th European Small Nations"]
[Site "Andorra la Vella"]
[Date "2017.11.18"]
[Round "9.4"]
[White "Lauri, Joseph"]
[Black "Klerides, Paris"]
[Result "0-1"]
[BlackElo "2189"]
[WhiteElo "2174"]
[LiveChessVersion "1.4.8"]

1. e4 c5 {[%clk 1:24:58]} 2. d4 {[%clk 1:31:19]} cxd4 {[%clk 1:25:24]} 3. c3
{[%clk 1:31:42]} dxc3 {[%clk 1:25:37]} 4. Nxc3 Nc6 {[%clk 1:25:57]} 5. Bc4
{[%clk 1:32:26]} e6 {[%clk 1:26:22]} 6. Nf3 {[%clk 1:32:45]} a6 7. O-O Be7
{[%clk 1:25:41]} 8. Qe2 {[%clk 1:30:33]} d6 {[%clk 1:25:46]} 9. Rd1
{[%clk 1:30:49]} b5 {[%clk 1:26:06]} 10. Bb3 {[%clk 1:24:00]} Ra7 11. Be3
{[%clk 1:24:00]} Rd7 {[%clk 1:26:30]} 12. Rac1 {[%clk 1:23:42]} Bb7
{[%clk 1:24:52]} 13. Nd4 {[%clk 1:20:16]} Nxd4 {[%clk 1:24:40]} 14. Bxd4
{[%clk 1:18:54]} Nf6 {[%clk 1:24:22]} 15. e5 {[%clk 1:18:54]} dxe5
{[%clk 1:17:40]} 16. Bxe5 {[%clk 1:04:47]} O-O 17. a3 {[%clk 1:05:09]} Rxd1+
{[%clk 1:12:34]} 18. Rxd1 {[%clk 1:02:30]} Qa8 {[%clk 1:12:51]} 19. f3
{[%clk 0:57:39]} Rd8 {[%clk 1:10:10]} 20. h3 {[%clk 0:57:50]} Rxd1+
{[%clk 1:10:10]} 21. Qxd1 {[%clk 0:57:50]} Qd8 {[%clk 1:10:10]} 22. Qe2
{[%clk 0:57:50]} Nd7 23. Bg3 {[%clk 0:53:41]} Bc5+ {[%clk 0:46:30]} 24. Kh2
{[%clk 0:53:46]} Nf6 {[%clk 0:42:13]} 25. Be5 Bd6 {[%clk 0:40:17]} 26. Kh1
{[%clk 0:45:45]} Nh5 {[%clk 0:39:44]} 27. Qd1 {[%clk 0:43:20]} Bc7
{[%clk 0:39:44]} 28. Qxd8+ {[%clk 0:43:11]} Bxd8 {[%clk 0:40:11]} 29. Ne4
{[%clk 0:42:38]} Bxe4 {[%clk 0:34:59]} 30. fxe4 {[%clk 0:41:00]} Bf6
{[%clk 0:35:19]} 31. Bxf6 {[%clk 0:38:12]} Nxf6 {[%clk 0:35:42]} 32. Bc2
{[%clk 0:38:24]} Kf8 {[%clk 0:33:05]} 33. Kg1 {[%clk 0:38:32]} Ke7
{[%clk 0:33:07]} 34. Kf2 {[%clk 0:38:22]} Kd6 {[%clk 0:33:31]} 35. Ke3
{[%clk 0:38:22]} Ke5 {[%clk 0:33:41]} 36. Bd3 {[%clk 0:37:48]} Nd7
{[%clk 0:32:20]} 37. a4 {[%clk 0:31:43]} bxa4 {[%clk 0:31:59]} 38. Bxa6
{[%clk 0:31:51]} Nc5 {[%clk 0:31:50]} 39. Bb5 g5 40. g4 {[%clk 0:50:46]} f6
{[%clk 0:46:22]} 41. Bc6 h6 42. Bb5 {[%clk 0:48:30]} Nxe4 {[%clk 0:44:18]} 43.
Bxa4 f5 {[%clk 0:42:19]} 44. gxf5 {[%clk 0:48:04]} exf5 {[%clk 0:41:33]} 45. Bc6
{[%clk 0:44:32]} f4+ {[%clk 0:29:04]} 46. Kf3 {[%clk 0:43:29]} Nf6
{[%clk 0:29:02]} 47. b4 {[%clk 0:42:57]} h5 {[%clk 0:28:48]} 48. b5
{[%clk 0:42:57]} g4+ {[%clk 0:29:17]} 49. hxg4 {[%clk 0:43:01]} hxg4+
{[%clk 0:25:39]} 50. Kg2 Nd5 {[%clk 0:25:01]} 51. Bd7 {[%clk 0:41:40]} Ne3+ 52.
Kg1 {[%clk 0:30:20]} g3 {[%clk 0:23:46]} 53. Bc6 Kd6 54. Ba8 {[%clk 0:28:10]} Kc5
{[%clk 0:24:09]} 55. Bc6 {[%clk 0:28:21]} Nc2 56. Kf1 {[%clk 0:27:13]} Nd4
{[%clk 0:24:37]} 57. Be4 {[%clk 0:25:47]} Nxb5 {[%clk 0:24:14]} 58. Kg2
{[%clk 0:25:38]} 0-1

[Event "5th European Small Nations"]
[Site "Andorra la Vella"]
[Date "2017.11.18"]
[Round "9.5"]
[White "De La Riva Aguado, Oscar"]
[Black "Ziska, Helgi Dam"]
[Result "1/2-1/2"]
[BlackElo "2543"]
[WhiteElo "2482"]
[LiveChessVersion "1.4.8"]

1. e4 {[%clk 1:30:46]} c5 {[%clk 1:30:48]} 2. Nf3 {[%clk 1:30:57]} d6
{[%clk 1:31:08]} 3. d4 {[%clk 1:29:33]} cxd4 {[%clk 1:30:53]} 4. Nxd4
{[%clk 1:29:51]} Nf6 {[%clk 1:31:16]} 5. Nc3 {[%clk 1:30:15]} a6 {[%clk 1:31:29]}
6. Be3 {[%clk 1:29:50]} e5 {[%clk 1:31:23]} 7. Nf3 {[%clk 1:29:23]} Be7
{[%clk 1:29:57]} 8. Bc4 {[%clk 1:28:29]} O-O {[%clk 1:28:38]} 9. O-O
{[%clk 1:28:00]} Qc7 {[%clk 1:27:48]} 10. Bb3 {[%clk 1:26:08]} Be6
{[%clk 1:27:16]} 11. Nh4 {[%clk 1:19:43]} g6 {[%clk 1:27:28]} 12. Bh6
{[%clk 1:19:24]} Re8 {[%clk 1:27:01]} 13. Qd2 {[%clk 1:13:52]} Nc6
{[%clk 1:21:25]} 14. Nf3 {[%clk 0:57:48]} Na5 {[%clk 1:01:11]} 15. Ng5
{[%clk 0:38:45]} Bc4 {[%clk 0:49:35]} 16. Rfe1 {[%clk 0:36:00]} b5
{[%clk 0:45:16]} 17. Nd5 {[%clk 0:28:26]} Bxd5 {[%clk 0:39:40]} 18. Bxd5
{[%clk 0:28:04]} Nxd5 {[%clk 0:40:01]} 19. Qxd5 {[%clk 0:28:13]} Bf8
{[%clk 0:34:33]} 1/2-1/2

[Event "5th European Small Nations"]
[Site "Andorra la Vella"]
[Date "2017.11.18"]
[Round "9.6"]
[White "Nielsen, Hogni Egilstoft"]
[Black "Norwood, David R"]
[Result "1/2-1/2"]
[BlackElo "2505"]
[WhiteElo "2354"]
[LiveChessVersion "1.4.8"]

1. e4 {[%clk 1:30:56]} g6 {[%clk 1:30:55]} 2. d4 {[%clk 1:31:15]} Bg7
{[%clk 1:31:19]} 3. Nf3 {[%clk 1:31:26]} d6 {[%clk 1:31:35]} 4. Bc4
{[%clk 1:31:31]} Nf6 {[%clk 1:31:40]} 5. Qe2 {[%clk 1:31:32]} O-O
{[%clk 1:29:24]} 6. e5 {[%clk 1:30:35]} Ne8 {[%clk 1:20:34]} 7. h3
{[%clk 1:19:22]} c5 {[%clk 1:20:07]} 8. c3 {[%clk 1:17:23]} Nc6 {[%clk 1:11:22]}
9. O-O {[%clk 1:14:14]} cxd4 {[%clk 1:02:35]} 10. cxd4 {[%clk 1:14:13]} Nc7
{[%clk 1:02:13]} 11. Rd1 {[%clk 1:04:56]} d5 {[%clk 0:38:23]} 12. Bb3
{[%clk 1:02:06]} b6 {[%clk 0:37:07]} 13. Nc3 {[%clk 0:41:36]} Na5
{[%clk 0:36:07]} 14. Bc2 {[%clk 0:36:10]} Ba6 {[%clk 0:35:44]} 15. Bd3
{[%clk 0:31:23]} Bxd3 {[%clk 0:35:40]} 16. Qxd3 {[%clk 0:31:44]} Qd7
{[%clk 0:34:18]} 17. b3 {[%clk 0:30:07]} Rfc8 {[%clk 0:32:53]} 18. Be3
{[%clk 0:29:06]} Nc6 {[%clk 0:26:07]} 19. Rac1 {[%clk 0:25:30]} h6
{[%clk 0:22:40]} 20. Na4 {[%clk 0:24:03]} Kh7 {[%clk 0:20:39]} 21. Qd2
{[%clk 0:19:04]} Ne6 {[%clk 0:19:36]} 22. h4 {[%clk 0:14:55]} Ncd8
{[%clk 0:16:34]} 23. Qd3 {[%clk 0:10:55]} Kg8 {[%clk 0:13:57]} 24. Qd2
{[%clk 0:09:48]} h5 {[%clk 0:12:23]} 25. Rxc8 {[%clk 0:08:35]} Rxc8
{[%clk 0:12:39]} 26. Rc1 {[%clk 0:08:19]} Bf8 {[%clk 0:08:23]} 27. Rxc8
{[%clk 0:06:09]} Qxc8 {[%clk 0:08:46]} 28. Qc3 {[%clk 0:06:22]} Qxc3
{[%clk 0:06:41]} 29. Nxc3 {[%clk 0:06:50]} Nc7 {[%clk 0:07:04]} 30. Kf1
{[%clk 0:06:36]} e6 {[%clk 0:06:46]} 31. Ke2 {[%clk 0:05:49]} Nc6
{[%clk 0:06:39]} 32. Bc1 {[%clk 0:04:39]} Bb4 {[%clk 0:06:09]} 33. Kd3
{[%clk 0:04:20]} Bxc3 {[%clk 0:05:40]} 34. Kxc3 {[%clk 0:04:46]} Nb5+
{[%clk 0:06:05]} 35. Kd3 {[%clk 0:03:44]} Nb4+ {[%clk 0:06:16]} 36. Ke3
{[%clk 0:01:51]} Nxa2 {[%clk 0:06:35]} 37. Bd2 {[%clk 0:01:59]} a5
{[%clk 0:04:06]} 38. Ne1 {[%clk 0:00:38]} Nac3 {[%clk 0:03:02]} 39. Kd3
{[%clk 0:00:38]} Ne4 {[%clk 0:01:41]} 40. Be3 {[%clk 0:30:33]} f6
{[%clk 0:31:02]} 41. f3 {[%clk 0:27:15]} Ng3 {[%clk 0:31:16]} 42. exf6
{[%clk 0:26:24]} Nf5 {[%clk 0:30:56]} 43. Bf2 {[%clk 0:25:26]} Nfd6
{[%clk 0:29:28]} 44. g4 {[%clk 0:23:22]} hxg4 {[%clk 0:29:36]} 45. fxg4
{[%clk 0:23:46]} Ne4 {[%clk 0:29:58]} 46. Be3 {[%clk 0:22:24]} Nxf6
{[%clk 0:30:20]} 47. Bg5 {[%clk 0:22:06]} Nd7 {[%clk 0:27:54]} 48. Nf3
{[%clk 0:19:36]} Nd6 {[%clk 0:18:32]} 49. Bd8 {[%clk 0:14:11]} Nb7
{[%clk 0:17:19]} 50. Bc7 {[%clk 0:13:28]} b5 {[%clk 0:17:07]} 51. Ng5
{[%clk 0:12:42]} Nf8 1/2-1/2

[Event "5th European Small Nations"]
[Site "Andorra la Vella"]
[Date "2017.11.18"]
[Round "9.7"]
[White "Aloma Vidal, Robert"]
[Black "Nielsen, Rogvi Egilstoft"]
[Result "0-1"]
[BlackElo "2340"]
[WhiteElo "2440"]
[LiveChessVersion "1.4.8"]

1. d4 {[%clk 1:29:00]} Nf6 {[%clk 1:30:26]} 2. c4 {[%clk 1:28:52]} e6
{[%clk 1:29:52]} 3. Nc3 {[%clk 1:26:47]} b6 {[%clk 1:26:50]} 4. e4
{[%clk 1:26:45]} Bb7 {[%clk 1:25:11]} 5. d5 {[%clk 1:10:21]} exd5
{[%clk 1:20:17]} 6. exd5 {[%clk 1:08:25]} Bb4 {[%clk 1:16:22]} 7. Nge2
{[%clk 1:02:36]} Qe7 {[%clk 1:11:40]} 8. Be3 {[%clk 0:57:16]} Ng4
{[%clk 1:02:13]} 9. Bd4 {[%clk 0:54:23]} c5 {[%clk 0:55:48]} 10. dxc6
{[%clk 0:52:14]} Nxc6 {[%clk 0:54:40]} 11. a3 {[%clk 0:49:40]} Nxd4
{[%clk 0:51:03]} 12. axb4 {[%clk 0:46:34]} Ne6 {[%clk 0:37:20]} 13. Nb5
{[%clk 0:31:28]} Qxb4+ {[%clk 0:31:03]} 14. Nec3 {[%clk 0:26:53]} O-O
{[%clk 0:30:55]} 15. Be2 {[%clk 0:11:17]} Ne5 {[%clk 0:22:13]} 16. O-O
{[%clk 0:09:52]} Nf4 {[%clk 0:20:43]} 17. Qd4 {[%clk 0:04:47]} Neg6
{[%clk 0:16:34]} 18. Bf3 {[%clk 0:03:54]} Bxf3 {[%clk 0:15:42]} 19. gxf3
{[%clk 0:04:22]} Rac8 {[%clk 0:11:13]} 20. Rxa7 {[%clk 0:02:26]} Rxc4
{[%clk 0:10:46]} 21. Qxd7 {[%clk 0:02:48]} Qxb2 {[%clk 0:06:47]} 22. Rc7
{[%clk 0:01:10]} Ne5 {[%clk 0:05:11]} 23. Qe7 {[%clk 0:00:45]} Nfg6
{[%clk 0:03:12]} 24. Qd6 {[%clk 0:00:57]} Nxf3+ {[%clk 0:03:23]} 25. Kg2
{[%clk 0:00:51]} Nfh4+ {[%clk 0:03:17]} 26. Kh1 {[%clk 0:01:07]} Rxc7
{[%clk 0:03:05]} 27. Qxc7 {[%clk 0:01:35]} Qc2 {[%clk 0:03:03]} 28. Qd7
{[%clk 0:00:44]} h6 {[%clk 0:03:07]} 29. h3 {[%clk 0:00:57]} Ne5 {[%clk 0:02:44]}
30. Qd4 {[%clk 0:01:11]} Nhf3 {[%clk 0:02:14]} 31. Qe4 {[%clk 0:00:47]} Qd2
{[%clk 0:02:26]} 32. Nd5 {[%clk 0:00:42]} Qg5 {[%clk 0:02:21]} 33. Nd6
{[%clk 0:00:35]} Nd2 {[%clk 0:02:07]} 34. f4 Qg3 {[%clk 0:01:18]} 35. Qf5
{[%clk 0:00:37]} Nxf1 {[%clk 0:00:36]} 36. fxe5 {[%clk 0:01:04]} Qh2#
{[%clk 0:00:53]} 0-1